[Event "Titled Tue 27th May Early"]
[Site "chess.com INT"]
[Date "2025.05.27"]
[Round "1"]
[White "Protopopescu, Luca"]
[Black "Krsnik Cohar, Ivan Vihor"]
[Result "0-1"]
[WhiteTitle "CM"]
[BlackTitle "FM"]
[WhiteElo "2216"]
[BlackElo "2362"]
[WhiteFideId "651088894"]
[BlackFideId "14520044"]
[EventDate "2025.05.27"]

1. Nf3 d5 2. g3 Bf5 3. Bg2 e6 4. O-O c6 5. d3 Nd7 6. Nbd2 Ngf6 7. Re1 Bc5 8. e4
dxe4 9. dxe4 Bg4 10. h3 Bh5 11. c3 O-O 12. Qc2 Qc7 13. Nf1 Rfe8 14. Bf4 e5 15.
Be3 Rad8 16. Rad1 Bxe3 17. Nxe3 Nc5 18. Rxd8 Rxd8 19. Nd2 Nd3 20. Rf1 Be2 21.
Rb1 Nc5 22. Bf1 Bh5 23. b4 Ne6 24. a4 a6 25. Ndc4 b5 26. axb5 axb5 27. Nd2 Qd7
28. Nb3 Bf3 29. Bg2 Bxg2 30. Kxg2 Qd3 31. Rd1 Qxc2 32. Rxd8+ Nxd8 33. Nxc2 Nxe4
34. Na5 Nxc3 35. Kf3 f5 36. Ke3 Kf7 37. Nb3 Nb7 38. Kd3 Nd5 39. Ke2 Ke7 40. Kd3
Kd6 41. Ke2 g6 42. h4 Kc7 43. h5 gxh5 44. Kd3 Kd6 45. Ke2 Ke6 46. Kd3 f4 47. Ke4
Nd6+ 48. Kf3 fxg3 49. fxg3 e4+ 50. Ke2 Nf5 51. Nc5+ Ke5 52. Nd7+ Kd6 53. Nc5
Nxg3+ 54. Kf2 h4 55. Kg2 Nf4+ 56. Kh2 Kd5 57. Ne3+ Kd4 58. Ng4 e3 59. Nb3+ Kc3
60. Nc1 e2 61. Nd3 Nxd3 62. Ne3 Nf1+ 63. Nxf1 e1=Q 64. Kg2 Qf2+ 65. Kh3 Qxf1+
66. Kh2 Qf4+ 67. Kh1 Qxb4 68. Kg2 Kd4 69. Kh1 c5 70. Kg2 c4 71. Kh1 c3 72. Kg2
Qc4 73. Kh1 b4 74. Kg2 b3 75. Kh1 b2 76. Kg2 c2 77. Kf3 Ke5 78. Kg2 Kf4 79. Kh2
Kg4 80. Kg2 Qe4+ 81. Kh2 Qe2+ 82. Kg1 h3 83. Kh1 Qf3+ 84. Kg1 Qe4 85. Kh2 Nf4
86. Kg1 h5 87. Kh2 h4 88. Kg1 Kg3 89. Kf1 Qg2+ 90. Ke1 c1=Q# 0-1

[Event "Titled Tue 27th May Early"]
[Site "chess.com INT"]
[Date "2025.05.27"]
[Round "1"]
[White "Antoniou, Rafail"]
[Black "Levi, Eddy L"]
[Result "1/2-1/2"]
[WhiteTitle "CM"]
[BlackTitle "FM"]
[WhiteElo "2134"]
[BlackElo "2147"]
[WhiteFideId "5904390"]
[BlackFideId "3200183"]
[EventDate "2025.05.27"]

1. e4 e5 2. Nf3 Nc6 3. Nc3 Nf6 4. d4 exd4 5. Nxd4 Bb4 6. Nxc6 bxc6 7. Bd3 d5 8.
exd5 cxd5 9. O-O O-O 10. h3 h6 11. Qf3 c6 12. Bf4 Bd6 13. Rfe1 Rb8 14. Rab1 Bxf4
15. Qxf4 Be6 16. b4 Re8 17. Qd4 Qb6 18. Ne2 Rec8 19. c3 Qc7 20. Nf4 Re8 21. Re5
Bd7 22. Rbe1 Rxe5 23. Rxe5 Re8 24. Rxe8+ Bxe8 25. Bf1 Qe7 26. Nd3 Ne4 27. Nc5
Nxc5 28. Qxc5 Qxc5 29. bxc5 Kf8 30. f4 Ke7 31. Kf2 g5 32. Ke3 Kf6 33. g3 gxf4+
34. Kxf4 Bd7 35. g4 Be6 36. h4 Bd7 37. g5+ hxg5+ 38. hxg5+ Ke7 39. Ke5 Bg4 40.
a3 Bd1 41. Ba6 Ba4 42. Bd3 Bb3 43. Bf5 Ba4 44. Bc8 Bb3 45. Bb7 Ba4 46. Kf5 Bb5
47. Kf4 Ba4 48. Ke3 Bb5 49. Kd4 Ba4 50. c4 dxc4 51. Kxc4 Bb5+ 52. Kb4 Kd7 53.
Ka5 Bd3 54. Ba6 Be4 55. Bc4 Bd5 56. Bxd5 cxd5 57. Kb5 Kc7 58. a4 Kb7 59. c6+ Kc7
60. Kc5 d4 61. Kxd4 Kxc6 62. Ke5 Kd7 63. Kf6 Ke8 64. Kg7 Ke7 65. Kg8 Ke8 66. Kg7
Ke7 67. a5 Ke8 68. Kg8 Ke7 69. Kh7 Kf8 70. Kh6 Ke7 71. Kg7 Ke8 72. Kf6 Kf8 73.
Ke5 Kg7 74. Kd6 Kg6 75. Kc6 Kxg5 76. Kb7 f5 77. Kxa7 f4 78. Kb8 f3 79. a6 f2 80.
a7 f1=Q 81. a8=Q Qb5+ 82. Qb7 Qxb7+ 83. Kxb7 1/2-1/2

[Event "Titled Tue 27th May Early"]
[Site "chess.com INT"]
[Date "2025.05.27"]
[Round "1"]
[White "Rustemov, Alexander"]
[Black "Herpai, Jozsef Matyas"]
[Result "0-1"]
[WhiteTitle "GM"]
[BlackTitle "CM"]
[WhiteElo "2525"]
[BlackElo "2056"]
[WhiteFideId "4119002"]
[BlackFideId "786179"]
[EventDate "2025.05.27"]

1. d4 Nf6 2. c4 g6 3. Nf3 Bg7 4. g3 O-O 5. Bg2 d6 6. Nc3 Nc6 7. d5 Na5 8. Nd2 c5
9. Qc2 a6 10. b3 Bd7 11. Bb2 b5 12. O-O Rb8 13. Rab1 Qc7 14. e4 e5 15. Ne2 Nh5
16. Bc3 f5 17. exf5 gxf5 18. Rbe1 Be8 19. f4 e4 20. Bxg7 Qxg7 21. Rb1 b4 22.
Rfe1 Nb7 23. Nf1 Nd8 24. Ne3 Bd7 25. Qb2 Qg6 26. a3 a5 27. axb4 axb4 28. Ra1 Nf6
29. Ra6 Nf7 30. Rea1 Ng4 31. Nf1 h5 32. h4 Rfd8 33. Bh3 Nf6 34. Ne3 Bc8 35. Ra7
Nh6 36. Kh2 Rb7 37. Rxb7 Bxb7 38. Ra7 Bc8 39. Ng1 Rd7 40. Ra8 Rd8 41. Qa1 Rf8
42. Ra7 Nfg4+ 43. Bxg4 Nxg4+ 44. Nxg4 fxg4 45. Qe1 Bf5 46. Qe3 Qf6 47. Ra2 Rd8
48. Ne2 Qg7 49. Kg2 Re8 50. Kf2 Rd8 51. Qc1 Qf6 52. Ke3 Qf7 53. Qa1 Qg7 54.
Qxg7+ Kxg7 55. Ra7+ Kf6 56. Ra6 Ke7 57. Nc1 Rd7 58. Ra8 Rd8 59. Ra6 Rd7 60. Ne2
Kf6 61. Kd2 Ke7 62. Ra8 Kf6 63. Rf8+ Rf7 64. Rd8 Rd7 65. Rh8 Kg6 66. Rg8+ Kf6
67. Rg5 Bg6 68. f5 Bf7 69. Nf4 Ra7 70. Nxh5+ Bxh5 71. Rxh5 Ra2+ 72. Ke3 Ra3 73.
Kxe4 Rxb3 74. Rh6+ Kf7 75. Kf4 Rc3 76. Rxd6 Rxc4+ 77. Kg5 b3 78. Rd7+ Ke8 79.
Rb7 Rb4 80. Rxb4 cxb4 81. f6 b2 82. Kg6 b1=Q+ 83. Kg7 Qf5 84. d6 Qe6 85. Kg6
Qf7+ 86. Kg5 Kd7 87. h5 Qg8+ 88. Kf5 Qe6+ 89. Kg6 Qg8+ 90. Kf5 Kxd6 91. h6 b3
92. Kf4 Qf7 93. Kg5 b2 94. h7 Qxh7 95. Kxg4 Qf7 96. Kg5 b1=Q 97. g4 Qbg6+ 0-1

[Event "Titled Tue 27th May Early"]
[Site "chess.com INT"]
[Date "2025.05.27"]
[Round "1"]
[White "Mendonca, Leon Luke"]
[Black "Wijerathna, Vinuka Dihain"]
[Result "1-0"]
[WhiteTitle "GM"]
[BlackTitle "CM"]
[WhiteElo "2630"]
[BlackElo "2063"]
[WhiteFideId "35028561"]
[BlackFideId "29981905"]
[EventDate "2025.05.27"]

1. c4 e5 2. Nc3 Nf6 3. Nf3 Nc6 4. g3 Bc5 5. Bg2 a6 6. O-O d6 7. d3 h6 8. a3 O-O
9. b4 Ba7 10. Bb2 Re8 11. e3 Bf5 12. Qe2 e4 13. dxe4 Nxe4 14. Nxe4 Bxe4 15. Rfd1
Qe7 16. b5 Na5 17. Nd2 Bxg2 18. Kxg2 axb5 19. cxb5 Qe6 20. a4 Bc5 21. Qd3 Re7
22. Rab1 b6 23. Bc3 Nb7 24. Ra1 d5 25. Nf3 Rd7 26. Ne5 Rd6 27. Nc6 Nd8 28. Nd4
Bxd4 29. Qxd4 f6 30. Bb4 Rd7 31. Qd3 Nf7 32. a5 Ne5 33. Qd4 c5 34. bxc6 Nxc6 35.
Qc3 Nxb4 36. Qxb4 bxa5 37. Rxa5 Rxa5 38. Qxa5 Qe4+ 39. Kg1 Qc2 40. Qa1 Kf7 41.
Qd4 Qc6 42. h4 h5 43. Qd3 g6 44. Qd4 Qe6 45. e4 Rd6 46. exd5 Qe2 47. Rc1 Qe7 48.
Rc3 Qd7 49. Rd3 Qb5 50. Kg2 Qe8 51. Ra3 Rd7 52. d6 Qb8 53. Rd3 Qb7+ 54. Kh2 Qc6
55. Rd2 Ke6 56. Qe3+ Kf7 57. Qf4 Qc1 58. Qd4 Qc6 59. Qb4 Qc1 60. Qb3+ Kg7 61.
Rd1 Qc6 62. Qe6 Kh6 63. Qxf6 Qc2 64. Qf4+ Kh7 65. Rd2 Qc1 66. Qd4 Qc6 67. Qd5
Qc3 68. Rd3 Qg7 69. Qd4 Qf7 70. Kg2 Qe6 71. Qd5 Qf6 72. Qc6 Qe6 73. Rd2 Qf5 74.
Qd5 Qf6 75. Qd4 Qe6 76. Kh2 Qf5 77. Ra2 Qe6 78. Ra7 Qf7 79. Rxd7 Qxd7 80. Qe5
Kg8 81. Qf6 Qb5 82. Qxg6+ Kf8 83. Qf6+ Kg8 84. Qe6+ Kg7 85. d7 1-0

[Event "Titled Tue 27th May Early"]
[Site "chess.com INT"]
[Date "2025.05.27"]
[Round "1"]
[White "Mikhailovsky, Vladimir"]
[Black "Ermolaev, Evgeny"]
[Result "1-0"]
[WhiteTitle "CM"]
[BlackTitle "FM"]
[WhiteElo "2215"]
[BlackElo "2282"]
[WhiteFideId "34105414"]
[BlackFideId "24103195"]
[EventDate "2025.05.27"]

1. e4 c5 2. c3 d5 3. exd5 Qxd5 4. d4 Nf6 5. Nf3 e6 6. Na3 Nc6 7. Be3 cxd4 8. Nb5
Qd8 9. Nbxd4 Nd5 10. Nxc6 bxc6 11. Bd2 Be7 12. Qc2 O-O 13. Bd3 h6 14. O-O-O Qb6
15. h4 Qxf2 16. Rdf1 Qb6 17. Ne5 Bf6 18. Nc4 Qc7 19. g4 Be7 20. g5 h5 21. g6 f5
22. Qd1 Nf6 23. Bf4 Qd8 24. Ne5 Bb7 25. Nf7 Qd5 26. Qe2 c5 27. Bc4 Qe4 28. Qxe4
Bxe4 29. Bxe6 Bd5 30. Ng5+ Kh8 31. Re1 Bxe6 32. Rxe6 Bd8 33. Nf7+ Kg8 34. Rd1
Bb6 35. Re5 Rae8 36. Rxf5 Ne4 37. Rxh5 Rxf7 38. gxf7+ Kxf7 39. Rd7+ Kg6 40. Rhd5
Nf6 41. h5+ Kh7 42. R5d6 Nxh5 43. Bg5 Re5 44. Bf6 Rf5 45. Bxg7 Nxg7 46. Re6 Rg5
47. Ree7 Kh6 48. Kc2 Nf5 49. Rh7+ Kg6 50. Rh8 Kf6 51. Rf8+ Ke5 52. Rdf7 Ne3+ 53.
Kb3 Nd5 54. Re8+ Kd6 55. Rd8+ Kc6 56. Rfd7 Nc7 57. Rd6+ Kb7 58. R8d7 Rg4 59. a4
c4+ 60. Kb4 a5+ 61. Ka3 Rg1 62. Ka2 Rg5 63. Rf6 Rd5 64. Rh7 Rc5 65. Rf4 Ba7 66.
Rhh4 Nd5 67. Rxc4 Rxc4 68. Rxc4 Nb6 69. Rh4 Kc6 70. Kb3 Nd5 71. Rh6+ Kb7 72. Rh5
Kc6 73. c4 Nc7 74. Rxa5 Bc5 75. Kc3 Kb6 76. b4 Be7 77. Rf5 Ne6 78. a5+ Kc7 79.
Kd3 Nd8 80. Re5 Bxb4 81. a6 Nc6 82. Rb5 Bd6 83. Rb7+ Kc8 84. Ke4 Bc7 85. Kd5
Ne7+ 86. Kc5 Nf5 87. Rb1 Bb8 88. Kc6 Ne7+ 89. Kb6 Bc7+ 90. Kc5 Bb8 91. Rb7 Nf5
92. Rh7 Nd6 93. Rh8+ Kc7 94. Rxb8 Ne4+ 95. Kd4 Kxb8 96. Kxe4 Ka7 97. Kd5 Kxa6
98. Kc6 Ka7 99. c5 Kb8 100. Kd7 Kb7 101. c6+ Kb6 102. c7 Ka7 103. c8=Q 1-0

[Event "Titled Tue 27th May Early"]
[Site "chess.com INT"]
[Date "2025.05.27"]
[Round "2"]
[White "Zhou, Yuxu"]
[Black "Garcia Correa, Jose Ricardo"]
[Result "1-0"]
[WhiteTitle "CM"]
[BlackTitle "FM"]
[WhiteElo "2087"]
[BlackElo "2103"]
[WhiteFideId "8626421"]
[BlackFideId "5101832"]
[EventDate "2025.05.27"]

1. d4 Nf6 2. Nc3 d5 3. Bf4 e6 4. Nb5 Na6 5. e3 Bd6 6. Nxd6+ cxd6 7. Bb5+ Ke7 8.
c3 Nc7 9. Bd3 Re8 10. g4 h6 11. h4 Kf8 12. g5 Ng8 13. gxh6 gxh6 14. Qh5 Qf6 15.
Bxd6+ Kg7 16. Bxc7 1-0

[Event "Titled Tue 27th May Early"]
[Site "chess.com INT"]
[Date "2025.05.27"]
[Round "2"]
[White "Toktomushev, Teimur"]
[Black "Li, Hui"]
[Result "1-0"]
[WhiteTitle "FM"]
[BlackTitle "CM"]
[WhiteElo "2398"]
[BlackElo "2041"]
[WhiteFideId "14176726"]
[BlackFideId "15400310"]
[EventDate "2025.05.27"]

1. d4 d5 2. c4 e6 3. Nc3 Nf6 4. cxd5 exd5 5. Bg5 c6 6. e3 Be7 7. Bd3 Nbd7 8. Qc2
O-O 9. Nf3 Re8 10. O-O Nf8 11. h3 g6 12. Ne5 Ne6 13. Bh6 Ng7 14. g4 Nd7 15. f4
Nxe5 16. fxe5 Bg5 17. Bxg5 Qxg5 18. Qf2 h5 19. Qxf7+ Kh7 20. Qf4 Qxf4 21. Rxf4
hxg4 22. hxg4 Be6 23. Rf6 1-0

[Event "Titled Tue 27th May Early"]
[Site "chess.com INT"]
[Date "2025.05.27"]
[Round "2"]
[White "Ferrara, Enzo"]
[Black "Kikuchi Cadilhac, Mariana Sawae"]
[Result "1-0"]
[BlackTitle "WFM"]
[WhiteElo "2138"]
[BlackElo "1849"]
[WhiteFideId "137731"]
[BlackFideId "2144433"]
[EventDate "2025.05.27"]

1. d4 d5 2. c4 e6 3. Nc3 Nf6 4. Nf3 Be7 5. g3 O-O 6. Bg2 b6 7. O-O Ba6 8. Ne5
Qd6 9. Nb5 Bxb5 10. cxb5 a6 11. Bf4 axb5 12. Ng6 Qb4 13. Nxf8 Bxf8 14. Bxc7 Qxb2
15. Rb1 Qxa2 16. Ra1 Qc4 17. Rxa8 1-0

[Event "Titled Tue 27th May Early"]
[Site "chess.com INT"]
[Date "2025.05.27"]
[Round "2"]
[White "Pribelszky, Bence"]
[Black "Kjaergaard-Jensen, Jesper"]
[Result "1-0"]
[WhiteTitle "IM"]
[BlackTitle "CM"]
[WhiteElo "2400"]
[BlackElo "2081"]
[WhiteFideId "769738"]
[BlackFideId "1406990"]
[EventDate "2025.05.27"]

1. e4 Nf6 2. d3 d5 3. e5 Ng4 4. f4 g6 5. Be2 Nh6 6. Nf3 e6 7. O-O c5 8. c4 d4 9.
Nbd2 b6 10. Ne4 Be7 11. Nfg5 Bb7 12. Bf3 Qc8 13. Qe1 Nf5 14. g4 Ng7 15. Qh4 Kf8
16. Nxh7+ Kg8 17. Nhf6+ Bxf6 18. Nxf6+ 1-0

[Event "Titled Tue 27th May Early"]
[Site "chess.com INT"]
[Date "2025.05.27"]
[Round "2"]
[White "Vafin, Ayrat"]
[Black "Mafra, Kaiser Luiz"]
[Result "1-0"]
[WhiteTitle "FM"]
[BlackTitle "CM"]
[WhiteElo "2302"]
[BlackElo "2094"]
[WhiteFideId "4146530"]
[BlackFideId "2106698"]
[EventDate "2025.05.27"]

1. Nf3 Nf6 2. g3 g6 3. Bg2 Bg7 4. O-O O-O 5. d4 d6 6. c4 c6 7. Nc3 Nbd7 8. e4 e5
9. h3 Re8 10. Re1 a6 11. a4 Rb8 12. a5 b5 13. axb6 Qxb6 14. c5 dxc5 15. dxe5
Nxe5 16. Nxe5 Nxe4 17. Nxe4 Bxe5 18. Nf6+ Bxf6 19. Rxe8+ Kg7 20. Qd6 Bxh3 21.
Qf8# 1-0

[Event "Titled Tue 27th May Early"]
[Site "chess.com INT"]
[Date "2025.05.27"]
[Round "2"]
[White "Ivannikov, Maksim"]
[Black "Coelho, Ramyres Santana"]
[Result "1-0"]
[WhiteTitle "CM"]
[BlackTitle "WFM"]
[WhiteElo "2184"]
[BlackElo "1989"]
[WhiteFideId "34275339"]
[BlackFideId "2120690"]
[EventDate "2025.05.27"]

1. e4 c5 2. Nf3 d6 3. d4 cxd4 4. Nxd4 Nf6 5. Nc3 a6 6. f3 e6 7. Nb3 b5 8. Be3
Bb7 9. a4 Nbd7 10. axb5 axb5 11. Rxa8 Bxa8 12. Nxb5 d5 13. Qa1 Bb7 14. Qa7 Qc8
15. Na5 Bb4+ 16. c3 Bxa5 17. Nd6+ Ke7 18. Nxc8+ Rxc8 19. Qxa5 dxe4 20. Ba6 Bxa6
21. Qxa6 Rc7 22. Qa3+ Ke8 23. O-O Nd5 24. Bd4 e3 25. Re1 e5 26. Qa8+ Ke7 27.
Bxe5 Nxe5 28. Qxd5 f6 29. Rxe3 Rd7 30. Rxe5+ fxe5 31. Qxe5+ Kf8 32. Qf5+ Rf7 33.
Qxf7+ Kxf7 34. b4 Ke6 35. b5 Kd5 36. c4+ Kc5 37. Kf2 g5 38. Kg3 h5 39. f4 gxf4+
40. Kxf4 h4 41. g4 h3 42. g5 Kxc4 43. b6 Kb5 44. b7 1-0

[Event "Titled Tue 27th May Early"]
[Site "chess.com INT"]
[Date "2025.05.27"]
[Round "2"]
[White "Mata Gonzalez, Jose Fernando"]
[Black "Tristan, Leonardo"]
[Result "0-1"]
[WhiteTitle "CM"]
[BlackTitle "GM"]
[WhiteElo "2164"]
[BlackElo "2536"]
[WhiteFideId "5107423"]
[BlackFideId "113816"]
[EventDate "2025.05.27"]

1. e4 d5 2. exd5 Qxd5 3. d4 Nc6 4. c3 e5 5. Nf3 Bg4 6. Be2 O-O-O 7. Be3 exd4 8.
cxd4 Bb4+ 9. Nc3 Bxf3 10. Bxf3 Qc4 11. Rc1 Nxd4 12. Bxd4 Rxd4 13. Qe2 Qxe2+ 14.
Kxe2 Bxc3 15. Rxc3 Nf6 16. Rhc1 c6 17. a3 Rhd8 18. R3c2 Nd5 19. Bxd5 R8xd5 20.
g3 a5 21. Kf3 Kd7 22. Ke3 g5 23. h3 f5 24. Re1 Re4+ 0-1

[Event "Titled Tue 27th May Early"]
[Site "chess.com INT"]
[Date "2025.05.27"]
[Round "2"]
[White "Brown, Akeem"]
[Black "Cuellar Montes, Alejandro"]
[Result "0-1"]
[WhiteTitle "CM"]
[BlackTitle "CM"]
[WhiteElo "2055"]
[BlackElo "2173"]
[WhiteFideId "7402023"]
[BlackFideId "32096836"]
[EventDate "2025.05.27"]

1. e4 e5 2. Nf3 Nc6 3. Bc4 Bc5 4. c3 Nf6 5. d4 exd4 6. cxd4 Bb4+ 7. Nc3 Nxe4 8.
O-O Bxc3 9. d5 Ne5 10. bxc3 Nxc4 11. Qd4 O-O 12. Qxe4 Nd6 13. Qg4 Qf6 14. Bg5
Qg6 15. Ne5 Qe4 16. Qg3 f6 17. Bh6 Nf5 0-1

[Event "Titled Tue 27th May Early"]
[Site "chess.com INT"]
[Date "2025.05.27"]
[Round "2"]
[White "Jumabayev, Rinat"]
[Black "Rodrigues, Bruno Morado"]
[Result "1-0"]
[WhiteTitle "GM"]
[BlackTitle "CM"]
[WhiteElo "2551"]
[BlackElo "2054"]
[WhiteFideId "13702661"]
[BlackFideId "2115654"]
[EventDate "2025.05.27"]

1. c4 c6 2. b3 Nf6 3. Bb2 d5 4. Nf3 e6 5. g3 Bd6 6. Bg2 O-O 7. O-O Nbd7 8. d4
Qe7 9. Nc3 dxc4 10. bxc4 e5 11. e3 Re8 12. h3 h6 13. Qc2 Nf8 14. dxe5 Bxe5 15.
Nxe5 Qxe5 16. Nd5 Qg5 17. Bxf6 gxf6 18. Nc7 Bf5 19. Qe2 Ng6 20. Nxa8 Rxa8 21.
Rad1 Re8 22. Rd4 Ne5 23. f4 Qxg3 24. fxe5 fxe5 25. Rd2 Be4 26. Qf2 Qg6 27. Kh2 1-0

[Event "Titled Tue 27th May Early"]
[Site "chess.com INT"]
[Date "2025.05.27"]
[Round "2"]
[White "Aarit Kapil"]
[Black "Grahn, Vidar"]
[Result "0-1"]
[WhiteTitle "CM"]
[BlackTitle "FM"]
[WhiteElo "2098"]
[BlackElo "2241"]
[WhiteFideId "33408947"]
[BlackFideId "1744780"]
[EventDate "2025.05.27"]

1. Nf3 d5 2. g3 Nf6 3. Bg2 c5 4. O-O g6 5. d3 Bg7 6. Nbd2 O-O 7. c4 Nc6 8. cxd5
Nxd5 9. Rb1 b6 10. a3 Bb7 11. Nc4 Rb8 12. Nfd2 Nc7 13. Ne3 Nd4 14. Bxb7 Rxb7 15.
Nb3 e5 16. Nxd4 exd4 17. Nc2 Nd5 18. Bd2 h5 19. b4 cxb4 20. Nxb4 Nc3 21. Bxc3
dxc3 22. e3 a5 23. Nc2 h4 24. d4 Qd5 25. Qd3 h3 26. e4 Qe6 27. Rfd1 Rc8 28. f4
b5 29. d5 Qb6+ 30. Kh1 b4 31. axb4 axb4 32. Rxb4 Qf2 33. Qf1 Qxc2 34. Rxb7 Qxe4+
35. Kg1 Bd4+ 36. Rxd4 Qxd4+ 37. Kh1 Qxd5+ 0-1

[Event "Titled Tue 27th May Early"]
[Site "chess.com INT"]
[Date "2025.05.27"]
[Round "2"]
[White "Jakubowski, Krzysztof"]
[Black "Kodithuwakku, K K Dinujaya"]
[Result "1-0"]
[WhiteTitle "GM"]
[BlackTitle "CM"]
[WhiteElo "2448"]
[BlackElo "2011"]
[WhiteFideId "1112848"]
[BlackFideId "9998845"]
[EventDate "2025.05.27"]

1. e4 e6 2. d4 d5 3. Nc3 Bb4 4. e5 c5 5. a3 Bxc3+ 6. bxc3 Nc6 7. h4 Qa5 8. Bd2
Qa4 9. Qb1 c4 10. h5 b6 11. h6 g6 12. Nf3 Bd7 13. Bg5 Nce7 14. Nh2 O-O-O 15. Ng4
Rf8 16. Be2 Qc6 17. O-O Nf5 18. a4 f6 19. exf6 Qc7 20. Qb4 Nd6 21. Bf4 1-0

[Event "Titled Tue 27th May Early"]
[Site "chess.com INT"]
[Date "2025.05.27"]
[Round "2"]
[White "Jacobsen, Mikkel Manosri"]
[Black "Ejsymont, Blanka"]
[Result "0-1"]
[WhiteTitle "FM"]
[BlackTitle "WCM"]
[WhiteElo "2223"]
[BlackElo "1907"]
[WhiteFideId "1444514"]
[BlackFideId "21088268"]
[EventDate "2025.05.27"]

1. d4 d5 2. Nf3 Nf6 3. Bf4 Bf5 4. c4 e6 5. Nc3 c5 6. e3 Nc6 7. cxd5 Nxd5 8. Bg3
cxd4 9. Nxd4 Nxd4 10. Qxd4 Nxc3 11. Qxc3 Qb6 12. Bc7 Bb4 13. Bxb6 Bxc3+ 14. bxc3
axb6 15. Bb5+ Ke7 16. Ke2 Ra3 17. Rhc1 Rha8 18. Rd1 Rxa2+ 19. Rxa2 Rxa2+ 20. Kf3
e5 21. g4 Be6 22. g5 f6 23. gxf6+ gxf6 24. Rg1 f5 25. Rg7+ Kf6 26. Rxh7 Bd5+ 27.
Kg3 Ra1 28. Rh6+ Kg5 29. Rxb6 Rg1+ 30. Kh3 Bg2+ 31. Kg3 f4+ 0-1

[Event "Titled Tue 27th May Early"]
[Site "chess.com INT"]
[Date "2025.05.27"]
[Round "2"]
[White "Kilic, Eray"]
[Black "Rubes, Jan"]
[Result "1-0"]
[WhiteTitle "IM"]
[BlackTitle "IM"]
[WhiteElo "2469"]
[BlackElo "2426"]
[WhiteFideId "44517173"]
[BlackFideId "338176"]
[EventDate "2025.05.27"]

1. e4 e5 2. Nf3 Nc6 3. Nc3 Nf6 4. a4 g6 5. Bc4 Bg7 6. d3 O-O 7. h3 d6 8. a5 a6
9. O-O Ne7 10. Re1 c6 11. d4 Qc7 12. dxe5 dxe5 13. Be3 Nh5 14. Bb6 Qd7 15. Qxd7
Bxd7 16. Bc5 Rfe8 17. Ng5 Be6 18. Nxe6 fxe6 19. Bxe6+ Kf8 20. Rad1 Nf4 21. Bd7
Red8 22. Bb6 h5 23. Bxd8 Rxd8 24. g3 Nfd5 25. Be6 Rd6 26. exd5 1-0

[Event "Titled Tue 27th May Early"]
[Site "chess.com INT"]
[Date "2025.05.27"]
[Round "2"]
[White "Janukshan, B"]
[Black "Kovalevsky, Stanislav"]
[Result "0-1"]
[WhiteTitle "CM"]
[BlackTitle "FM"]
[WhiteElo "1967"]
[BlackElo "2098"]
[WhiteFideId "29945399"]
[BlackFideId "13508598"]
[EventDate "2025.05.27"]

1. Nf3 d5 2. b3 Bg4 3. Ne5 Bh5 4. Bb2 f6 5. g4 Bg6 6. Nxg6 hxg6 7. h4 e5 8. Bg2
c6 9. d3 Na6 10. Nd2 Nc5 11. e3 Ne6 12. Qf3 Qa5 13. a3 Bd6 14. b4 Qa4 15. Nb3
Ne7 16. Qe2 O-O-O 17. O-O-O Kb8 18. Kb1 c5 19. bxc5 Nxc5 20. Ka2 Nc6 21. Bxd5
Nb4+ 22. Kb1 Nxd5 0-1

[Event "Titled Tue 27th May Early"]
[Site "chess.com INT"]
[Date "2025.05.27"]
[Round "2"]
[White "Novosel, Lovro"]
[Black "Christodoulaki, Antonia"]
[Result "1-0"]
[WhiteTitle "FM"]
[BlackTitle "WFM"]
[WhiteElo "2346"]
[BlackElo "2111"]
[WhiteFideId "14547120"]
[BlackFideId "4214935"]
[EventDate "2025.05.27"]

1. Nf3 d5 2. c4 e6 3. g3 Nf6 4. Bg2 c6 5. O-O Bd6 6. d4 O-O 7. Qc2 a5 8. Nbd2
Na6 9. a3 b5 10. e4 dxe4 11. Nxe4 Nxe4 12. Qxe4 Qb6 13. c5 1-0

[Event "Titled Tue 27th May Early"]
[Site "chess.com INT"]
[Date "2025.05.27"]
[Round "2"]
[White "Christie, Joshua"]
[Black "Mahdavi, Reza"]
[Result "0-1"]
[WhiteTitle "FM"]
[BlackTitle "IM"]
[WhiteElo "2213"]
[BlackElo "2445"]
[WhiteFideId "7402074"]
[BlackFideId "12595926"]
[EventDate "2025.05.27"]

1. c4 Nf6 2. Nc3 g6 3. g3 Bg7 4. Bg2 O-O 5. Nf3 d6 6. d4 Nbd7 7. O-O e5 8. b3
Re8 9. Bb2 e4 10. Ng5 e3 11. f4 h6 12. Nf3 c6 13. d5 c5 14. Qc2 Nf8 15. Nd1 Bf5
16. Qc1 Qe7 17. h3 h5 18. Nh4 Be4 19. Bxe4 Nxe4 20. Bxg7 Nxg3 21. Bxf8 Nxe2+ 22.
Kg2 Qxh4 23. Qb2 Qg3+ 0-1

[Event "Titled Tue 27th May Early"]
[Site "chess.com INT"]
[Date "2025.05.27"]
[Round "2"]
[White "Smieszek, Wojciech"]
[Black "Kosteniuk, Alexandra"]
[Result "0-1"]
[WhiteTitle "CM"]
[BlackTitle "GM"]
[WhiteElo "2141"]
[BlackElo "2479"]
[WhiteFideId "1156047"]
[BlackFideId "4128125"]
[EventDate "2025.05.27"]

1. e4 c6 2. d4 d5 3. f3 e6 4. Nc3 Bb4 5. e5 Ne7 6. Bd3 c5 7. Ne2 Nbc6 8. Be3 c4
9. O-O cxd3 10. Qxd3 O-O 11. f4 b6 12. Nd1 Nf5 13. Bf2 a5 14. c3 Ba6 15. Qd2 Be7
16. g4 Nh4 17. Qe3 Qd7 18. Bxh4 Bxh4 19. f5 f6 20. Kh1 fxe5 21. dxe5 d4 22. cxd4
Nxd4 23. Nxd4 Bxf1 24. Nxe6 Qd5+ 25. Kg1 Qg2# 0-1

[Event "Titled Tue 27th May Early"]
[Site "chess.com INT"]
[Date "2025.05.27"]
[Round "2"]
[White "Dambaev, Dashi"]
[Black "Skiadopoulos, Nikolaos"]
[Result "1-0"]
[WhiteTitle "CM"]
[BlackTitle "CM"]
[WhiteElo "2211"]
[BlackElo "1882"]
[WhiteFideId "55628494"]
[BlackFideId "4200772"]
[EventDate "2025.05.27"]

1. e4 c5 2. Nf3 Nc6 3. Bb5 Na5 4. O-O a6 5. Be2 Nc6 6. c3 Nf6 7. e5 Nd5 8. d4
cxd4 9. cxd4 g6 10. Nc3 Nxc3 11. bxc3 Bg7 12. Bf4 O-O 13. d5 Na5 14. d6 b5 15.
Bg5 f6 16. dxe7 Qxe7 17. exf6 Bxf6 18. Bxf6 Qxf6 19. Qd5+ Kg7 20. Qxa8 Bb7 21.
Qa7 Qxc3 22. Qd4+ Qxd4 23. Nxd4 Rf4 24. Rfd1 1-0